Normal view
MARC view
- اساسيات تكنولوجيا المعلومات
Entry Topical Term
001 - CONTROL NUMBER
- control field: 29763
003 - CONTROL NUMBER IDENTIFIER
- control field: JO-AjAnu
005 - DATE AND TIME OF LATEST TRANSACTION
- control field: 20230606075028.0
008 - FIXED-LENGTH DATA ELEMENTS
- fixed length control field: 230606|| aca||aabn | a|a d
040 ## - CATALOGING SOURCE
- Original cataloging agency: JO-AjAnu
- Transcribing agency: JO-AjAnu
150 ## - HEADING--TOPICAL TERM
- Topical term or geographic name entry element: اساسيات تكنولوجيا المعلومات
670 ## - SOURCE DATA FOUND
- Source citation: Work cat.: (JO-AjAnu)15283: اكاديمية الفبصل العالمية, author 29762, اساسيات تكنولوجيا المعلومات